| 000 | 00697 a2200193 4500 | ||
|---|---|---|---|
| 003 | NUST | ||
| 005 | 20230116125044.0 | ||
| 022 | _a0395192269 | ||
| 040 | _cNust | ||
| 082 | _a372.623,CON | ||
| 100 |
_aConlin, Mary Lou _978700 |
||
| 245 |
_aConcept of communication writing / _cMary Lou Conlin |
||
| 260 |
_aLondon _bBoston Company _c1967 |
||
| 300 | _aii,134. p; | ||
| 505 | _aOverview (Page-1), The Single-paragraph Essay-test Response (Page-7), The Multi para graph Essay-test Response (Page-21), Practice Responses (Page-33), The Essay – Test Response Tasks (Page-131). | ||
| 610 |
_aEassy Test moudle _9106866 |
||
| 650 |
_aEassy Test moudle _9106867 |
||
| 942 |
_2ddc _cBK _k372.623,CON |
||
| 999 |
_c188319 _d188319 |
||